[Event "Madrid-ch Previa-A"]
[Site "Madrid"]
[Date "2022.03.23"]
[Round "9"]
[White "Mora Agudo, Jose Alberto"]
[Black "De Fuenmayor Fernandez, Carlos Pablo"]
[Result "1-0"]
[WhiteElo "1604"]
[BlackElo "1432"]
[PlyCount "107"]
[EventDate "2022.03.07"]
[EventType "swiss"]
[EventRounds "9"]
[EventCountry "ESP"]
[SourceTitle "EXT 2023"]
[Source "ChessBase"]
[SourceDate "2022.10.05"]
[SourceVersion "1"]
[SourceVersionDate "2022.10.05"]
[SourceQuality "1"]

1. d4 Nf6 2. c4 e5 3. dxe5 Ng4 4. Nf3 Bc5 5. e3 Nc6 6. Be2 Ngxe5 7. Nbd2 0-0 8. 0-0 Re8 9. b3 d6 10. Bb2 Re6 11. Nd4 Rh6 12. Nxc6 bxc6 13. Bxe5 dxe5 14. Nf3 Qxd1 15. Raxd1 Bg4 16. h3 Bh5 17. g4 Bg6 18. Nxe5 Rxh3 19. Nxg6 hxg6 20. Kg2 Rh6 21. Rd7 Bd6 22. Rh1 Kf8 23. Rxh6 gxh6 24. Bf3 Rb8 25. Bxc6 Rb6 26. Rd8+ Kg7 27. Bd5 Kf6 28. Rd7 Kg5 29. Kh3 f5 30. f4+ Bxf4 31. exf4+ Kxf4 32. Rf7 Ra6 33. gxf5 g5 34. a4 g4+ 35. Kg2 h5 36. Rxc7 Kxf5 37. Rc6 Rxc6 38. Bxc6 h4 39. Bd7+ Kf4 40. Bxg4 Kxg4 41. c5 h3+ 42. Kh2 Kf5 43. c6 Ke6 44. b4 Kd6 45. b5 Kc7 46. Kxh3 Kb6 47. Kg4 Ka5 48. c7 Kxa4 49. b6 axb6 50. c8Q b5 51. Qc1 b4 52. Qb2 b3 53. Kf4 Kb4 54. Ke3 1-0

[Event "Collado Villalba op 38th"]
[Site "Collado Villalba"]
[Date "2021.08.25"]
[Round "5"]
[White "De Pablo Fuertes, Daniel"]
[Black "Mora Agudo, Jose Alberto"]
[Result "1-0"]
[WhiteElo "1833"]
[BlackElo "1573"]
[PlyCount "95"]
[EventDate "2021.08.21"]
[EventType "swiss"]
[EventRounds "9"]
[EventCountry "ESP"]
[SourceTitle "CBM 204 Extra"]
[Source "ChessBase"]
[SourceDate "2021.11.30"]
[SourceVersion "1"]
[SourceVersionDate "2021.11.30"]
[SourceQuality "1"]

1. c4 Nf6 2. g3 g6 3. Bg2 Bg7 4. Nc3 0-0 5. e4 d6 6. Nge2 Nc6 7. 0-0 Be6 8. d3 Qc8 9. Nf4 Bd7 10. Re1 Ne5 11. f3 c5 12. Rb1 e6 13. Be3 a6 14. a4 Ne8 15. Nfe2 Nc6 16. f4 Nd4 17. b4 Bc6 18. Bf2 Nc7 19. Nxd4 Bxd4 20. Bxd4 cxd4 21. Ne2 e5 22. b5 axb5 23. cxb5 Bd7 24. Rc1 b6 25. Qb3 Qb8 26. f5 gxf5 27. exf5 Bxf5 28. Bxa8 Qxa8 29. Rxc7 Qf3 30. Rf1 Qe3+ 31. Rf2 Be6 32. Qd1 Bf5 33. Nc1 Kh8 34. Qd2 Qxd2 35. Rxd2 Ra8 36. Ra2 Be6 37. Ra3 d5 38. Ne2 Kg7 39. a5 bxa5 40. b6 Bf5 41. b7 Rb8 42. Rxa5 Bxd3 43. Nc1 Bc4 44. Ra8 d3 45. Nxd3 Rxb7 46. Rxb7 Bxd3 47. Rd7 Kf6 48. Rxd5 1-0